|
|
|
|
| LEADER |
00632nam a22001697a 4500 |
| 020 |
|
|
|a 9789382279310
|
| 082 |
|
|
|a 894.8123
|b RAD-V
|
| 100 |
|
|
|a രാധാകൃഷ്ണൻ,സി .
|
| 245 |
|
|
|a വേരുകൾ പടരുന്ന വഴികൾ /
|
| 260 |
|
|
|a Kannur:
|b New books,
|c 2016.
|
| 300 |
|
|
|a 216p.;
|
| 650 |
|
|
|a Malayalam literature-fiction
|
| 650 |
|
|
|a Verukal patarunna vazhikal
|
| 700 |
|
|
|a Radhakrishnan,C.
|
| 942 |
|
|
|c BK
|
| 999 |
|
|
|c 53651
|d 53651
|
| 952 |
|
|
|0 0
|1 0
|4 0
|6 894_812300000000000_RADV
|7 0
|9 67778
|a KU
|b KU
|d 2019-03-27
|e PICO.A2/5736/2013 dtd 02/05/2018
|g 180.00
|l 0
|o 894.8123 RAD-V
|p CL03816
|r 2019-03-27
|w 2019-03-27
|y BK
|